000 00556nam a2200217 a 4500
999 _c7962
_d7962
001 7962
003 BD-JhCC
005 20180217084856.0
008 180217s1975 bg a|||| || | 001 0 eng d
035 _a(BD-JhCC)7962
040 _aBD-JhCC
_dBD-JhCC
041 _aeng
082 _a301.295492
_bSAT 1975
100 _aSattar, Abdus
245 _aTribal Culture in Bangladesh /
_cAbdus Sattar,
260 _aDacca :
_bMuktadhara
_c1975
300 _a256 p. :
_c24 cm.
650 _aManners and Customs
_zBangladesh
942 _2ddc
_cBK